000
00267nam a2200109Ia 4500
008
200302s9999 xx 000 0 und d
100
_a
Charlotte Benton
245
_a
Mordern Art 1848 to The Present
260
_b
The Open University
260
_c
1976
300
_a
158 P.,
999
_c
548
_d
548